00349pab a2200121 454500008004000000100002200040245006900062260000900131300001100140650002800151700002000179773002800199180718b1990 xxu||||| |||| 00| 0 eng d aMullei, Andrew K. aEvolution, structure and performance of Kenya's financial system c1990 a265-83 aFinance, Public - Kenya aJoshua M.Ng'elu aSavings and Development